000 01051nam a22002297a 4500
999 _c8930
_d8930
003 AR-CdUCM
008 190327b ||||| |||| 00| 0 spa d
020 _a978-612-00-0622-1
040 _aMUNICIPALIDAD PROVINCIAL DEL CUSCO
_cBIBLIOTECA MUNICIPAL DEL CUSCO
082 _a985.612 /
_bT17
100 _aTamayo Herrera, José
_911513
245 _aEl enigma de Machupicchu :
_bhistoria, arqueología, estética, ecología y prospectiva del monumento artístico-arqueológico más importante del Perú /
260 _aLima :
_bTarea asociación gráfica educativa,
_c2011.
300 _a186 paginas ;
_bIlustraciones,
_c24 cm.
505 _aContenido :El siglo XX: el siglo de Machupicchu -- ¿que fue en realidad Machupicchu? -- Aspecto numinoso y sagrado de Machupicchu -- El factor estético y artístico : la arquitectura y el paisaje en Muchupichhcu...
650 _aMachupicchu
_91751
650 _aMaravilla del mundo
_924561
650 _aHistoria del Cusco
_91714
856 _fwww.tareagrafica.com
942 _2ddc
_cLIBROS
945 _awnts